Introduction to Business Law (Record no. 20766)
[ view plain ]
| 000 -LEADER | |
|---|---|
| fixed length control field | 00482nam a22001937a 4500 |
| 003 - CONTROL NUMBER IDENTIFIER | |
| control field | OSt |
| 005 - DATE AND TIME OF LATEST TRANSACTION | |
| control field | 20251127082224.0 |
| 008 - FIXED-LENGTH DATA ELEMENTS--GENERAL INFORMATION | |
| fixed length control field | 251127b |||||||| |||| 00| 0 eng d |
| 020 ## - INTERNATIONAL STANDARD BOOK NUMBER | |
| International Standard Book Number | 978-0-19-882488-6 |
| 040 ## - CATALOGING SOURCE | |
| Transcribing agency | IFM Library |
| 082 ## - DEWEY DECIMAL CLASSIFICATION NUMBER | |
| Classification number | 346.07 JON |
| 100 ## - MAIN ENTRY--PERSONAL NAME | |
| Personal name | Jones, Lucy |
| 245 ## - TITLE STATEMENT | |
| Title | Introduction to Business Law |
| 250 ## - EDITION STATEMENT | |
| Edition statement | 5th |
| 260 ## - PUBLICATION, DISTRIBUTION, ETC. | |
| Place of publication, distribution, etc. | Oxford: |
| Name of publisher, distributor, etc. | Oxford University Press, |
| Date of publication, distribution, etc. | 2019 |
| 300 ## - PHYSICAL DESCRIPTION | |
| Extent | xxx,600p;ill;24cm |
| 500 ## - GENERAL NOTE | |
| General note | Includes Index |
| 942 ## - ADDED ENTRY ELEMENTS (KOHA) | |
| Koha item type | Books |
| Source of classification or shelving scheme | Dewey Decimal Classification |
| Withdrawn status | Lost status | Damaged status | Not for loan | Collection code | Home library | Current library | Shelving location | Date acquired | Source of acquisition | Total Checkouts | Full call number | Barcode | Date last seen | Price effective from | Koha item type | Source of classification or shelving scheme |
|---|---|---|---|---|---|---|---|---|---|---|---|---|---|---|---|---|
| Non-fiction | IFM Main Campus Library | IFM Main Campus Library | Simiyu Campus | 10/19/2020 | Purchase | 346.07 JON | 0000022637 | 10/19/2020 | 02/19/2022 | Books | ||||||
| Non-fiction | IFM Main Campus Library | IFM Main Campus Library | Simiyu Campus | 10/19/2020 | Purchase | 346.07 JON | 0000022638 | 10/19/2020 | 02/19/2022 | Books | ||||||
| Non-fiction | IFM Main Campus Library | IFM Main Campus Library | Simiyu Campus | 10/19/2020 | Purchase | 346.07 JON | 0000022635 | 10/19/2020 | 02/19/2022 | Books | ||||||
| Non-fiction | IFM Main Campus Library | IFM Main Campus Library | Simiyu Campus | 10/19/2020 | Purchase | 346.07 JON | 0000022636 | 10/19/2020 | 02/19/2022 | Books | ||||||
| Non-fiction | IFM Main Campus Library | IFM Main Campus Library | Simiyu Campus | 10/19/2020 | Purchase | 346.07 JON | 0000022633 | 10/19/2020 | 02/19/2022 | Books | ||||||
| Non-fiction | IFM Main Campus Library | IFM Main Campus Library | Simiyu Campus | 10/19/2020 | Purchase | 346.07 JON | 0000022634 | 10/19/2020 | 02/19/2022 | Books | ||||||
| Non-fiction | IFM Main Campus Library | IFM Main Campus Library | Work Room processing | 11/27/2025 | Purchase | 346.07 JON | 0000030573 | 11/27/2025 | 02/19/2022 | Books | Dewey Decimal Classification | |||||
| Non-fiction | IFM Main Campus Library | IFM Main Campus Library | Work Room processing | 11/27/2025 | Purchase | 346.07 JON | 0000030574 | 11/27/2025 | 02/19/2022 | Books | Dewey Decimal Classification | |||||
| Non-fiction | IFM Main Campus Library | IFM Main Campus Library | Work Room processing | 11/27/2025 | Purchase | 346.07 JON | 0000030575 | 11/27/2025 | 02/19/2022 | Books | Dewey Decimal Classification |
